[Event "HEM B-Turnier2017"]
[Site "Marburg"]
[Date "2017.??.??"]
[Round "1.1"]
[White "Hettler, Wolfgang"]
[Black "Martens, Nick"]
[Result "1-0"]
[WhiteElo "2060"]
[BlackElo "1690"]
[PlyCount "46"]
[EventDate "2017.??.??"]

1. d4 Nf6 2. c4 d6 3. Nc3 g6 4. e4 Bg7 5. Be2 O-O 6. Nf3 b6 7. O-O Bb7 8. Qc2
Nbd7 9. Bf4 Nh5 10. Be3 Nhf6 11. h3 Ne8 12. Rad1 e5 13. Bg5 f6 14. Bc1 exd4 15.
Nxd4 Qe7 16. Nd5 Bxd5 17. exd5 f5 18. Ne6 Rf7 19. Rfe1 Nc5 20. Bf3 Nxe6 21.
dxe6 Rf6 22. Bxa8 Rxe6 23. Rxe6 Qxe6 1-0

[Event "HEM B-Turnier2017"]
[Site "Marburg"]
[Date "2017.??.??"]
[Round "1.2"]
[White "Meyer, Marcel"]
[Black "Ullmann, Ralf"]
[Result "1/2-1/2"]
[WhiteElo "1679"]
[BlackElo "1906"]
[PlyCount "46"]
[EventDate "2017.??.??"]

1. d4 g6 2. c4 Bg7 3. Nc3 c5 4. d5 Bxc3+ 5. bxc3 Qa5 6. Qb3 f5 7. Bf4 d6 8.
Qb5+ Qxb5 9. cxb5 Nf6 10. c4 Nbd7 11. Nf3 Nb6 12. e3 Nh5 13. Bh6 a6 14. bxa6
Rxa6 15. Be2 Nf6 16. Bg7 Rg8 17. Bxf6 exf6 18. O-O Kf7 19. Rfe1 Re8 20. Nd2 Re7
21. Kf1 Na4 22. Rec1 Nb6 23. Re1 Na4 1/2-1/2

[Event "HEM B-Turnier2017"]
[Site "Marburg"]
[Date "2017.??.??"]
[Round "1.3"]
[White "Wagner, Thomas"]
[Black "Bastian, Ben"]
[Result "1/2-1/2"]
[WhiteElo "1891"]
[BlackElo "1674"]
[PlyCount "40"]
[EventDate "2017.??.??"]

1. e4 e5 2. Nf3 Nc6 3. Bb5 a6 4. Ba4 Nf6 5. O-O b5 6. Bb3 Bc5 7. c3 d6 8. d4
exd4 9. cxd4 Ba7 10. Bg5 Bg4 11. Bd5 Nxd4 12. Bxa8 Qxa8 13. Bxf6 gxf6 14. Qd3
Nxf3+ 15. gxf3 Bh3 16. Kh1 Bxf1 17. Qxf1 Rg8 18. Nc3 Bd4 19. Qh3 Rg7 20. Nd5
Qd8 1/2-1/2

[Event "HEM B-Turnier2017"]
[Site "Marburg"]
[Date "2017.??.??"]
[Round "1.4"]
[White "Huebner, Kai"]
[Black "Weber, Simon"]
[Result "0-1"]
[WhiteElo "1658"]
[BlackElo "1853"]
[PlyCount "74"]
[EventDate "2017.??.??"]

1. d4 f5 2. Bf4 Nf6 3. e3 e6 4. Nd2 b6 5. Ngf3 Bb7 6. Be2 Be7 7. Ne5 O-O 8. Bf3
Bxf3 9. Qxf3 d5 10. h3 Bd6 11. g4 Ne4 12. Nxe4 fxe4 13. Qg3 g5 14. Bxg5 Qxg5
15. Ke2 Bxe5 16. dxe5 Rf3 17. h4 Rxg3 18. hxg5 Rxg4 19. Rag1 Rxg1 20. Rxg1 Kg7
21. Rh1 Nd7 22. Rh6 Re8 23. c4 Nxe5 24. cxd5 exd5 25. b3 Ng6 26. Rh1 c5 27. Rc1
Ne5 28. a4 Nf3 29. g6 Kxg6 30. a5 h5 31. axb6 axb6 32. Ra1 h4 33. Ra7 h3 34.
Rd7 h2 35. Rd6+ Kg5 36. Rxd5+ Kh4 37. Rd1 Ng1+ 0-1

[Event "HEM B-Turnier2017"]
[Site "Marburg"]
[Date "2017.??.??"]
[Round "1.5"]
[White "Hafensteiner, Tim"]
[Black "Schneider, Kevin"]
[Result "0-1"]
[WhiteElo "1822"]
[BlackElo "1653"]
[PlyCount "84"]
[EventDate "2017.??.??"]

1. e4 e5 2. Nf3 Nc6 3. Bb5 a6 4. Bxc6 dxc6 5. O-O Bg4 6. h3 h5 7. d3 Bc5 8. Be3
Bxf3 9. Qxf3 Bxe3 10. fxe3 Qd7 11. Nd2 f6 12. b4 Ne7 13. a4 Nc8 14. Qg3 Nd6 15.
Nb3 b6 16. Rfd1 Kf7 17. Rf1 Qe6 18. Nd2 h4 19. Qf3 Ke7 20. d4 Raf8 21. a5 f5
22. dxe5 Qxe5 23. axb6 Nxe4 24. Nc4 Qb5 25. Qf4 Qxc4 26. Qxc7+ Kf6 27. Ra5 g6
28. b7 Ng3 29. Rf2 Qc3 30. Qd6+ Kg7 31. Rd2 Qxe3+ 32. Kh2 Nf1+ 33. Kh1 Qxd2 34.
Qc7+ Rf7 35. Qe5+ Kh7 36. Qxh8+ Kxh8 37. b8=Q+ Kh7 38. Qe8 Ng3+ 39. Kh2 Nf1+
40. Kh1 Ng3+ 41. Kh2 Qd7 42. Qxf7+ Qxf7 0-1

[Event "HEM B-Turnier2017"]
[Site "Marburg"]
[Date "2017.??.??"]
[Round "1.6"]
[White "Robinson, Jack"]
[Black "John, Volkmar"]
[Result "0-1"]
[WhiteElo "1638"]
[BlackElo "1818"]
[PlyCount "72"]
[EventDate "2017.??.??"]

1. d4 d5 2. c4 e6 3. Nc3 Nf6 4. cxd5 exd5 5. Bg5 Be7 6. e3 c6 7. Qc2 Nh5 8.
Bxe7 Qxe7 9. Be2 Nf6 10. Nf3 Bg4 11. h3 Bh5 12. O-O Nbd7 13. Rfe1 O-O 14. Rab1
a5 15. a4 Bg6 16. Bd3 Bxd3 17. Qxd3 Ne4 18. Nd2 f5 19. Ne2 Qh4 20. Rf1 g5 21.
f3 Nd6 22. Qa3 Rf6 23. b4 b5 24. bxa5 Rxa5 25. Qc3 Ra6 26. axb5 cxb5 27. Qb4
Re6 28. e4 g4 29. Ra1 Rxa1 30. Rxa1 gxh3 31. g3 Qg5 32. Kh2 Qe3 33. Ra8+ Kf7
34. Nf4 Qf2+ 35. Kh1 Qxg3 36. Rd8 Re7 0-1

[Event "HEM B-Turnier2017"]
[Site "Marburg"]
[Date "2017.??.??"]
[Round "1.7"]
[White "Zalewski, Ulrich"]
[Black "Pade, Joachim"]
[Result "1/2-1/2"]
[WhiteElo "1815"]
[BlackElo "1628"]
[PlyCount "105"]
[EventDate "2017.??.??"]

1. e4 e6 2. d4 d5 3. Nd2 Nf6 4. e5 Nfd7 5. Bd3 c5 6. c3 cxd4 7. cxd4 Nc6 8. Ne2
Nb4 9. Bb1 Nb6 10. a3 Nc6 11. O-O Bd7 12. f4 Be7 13. Nf3 Qc7 14. Nc3 a6 15. Bd3
O-O-O 16. Qe2 Nb8 17. Be3 Bc6 18. Rac1 h6 19. b4 Qd7 20. b5 axb5 21. Nxb5 Rdg8
22. Na7+ Kd8 23. Nxc6+ bxc6 24. Qb2 Qa7 25. Rb1 N8d7 26. Qc3 Qxa3 27. Rb3 Qa8
28. Ra1 Qb7 29. Ba6 Qc7 30. Rab1 f5 31. Qa5 Ke8 32. Bd2 Kf7 33. Bb4 Bxb4 34.
Qxb4 Ra8 35. Be2 Rhb8 36. Nh4 g6 37. Qe1 Rg8 38. h3 Ra4 39. Qf2 Qa7 40. Qg3 Ra2
41. Bd1 Nc4 42. Rb7 Qxd4+ 43. Kh1 Ncb6 44. Nxg6 Ra1 45. Rxa1 Qxa1 46. Qb3 Rxg6
47. Qxb6 Qxd1+ 48. Kh2 Ke8 49. Qc7 Rxg2+ 50. Kxg2 Qe2+ 51. Kg3 Qe1+ 52. Kf3
Qd1+ 53. Kg3 1/2-1/2

[Event "HEM B-Turnier2017"]
[Site "Marburg"]
[Date "2017.??.??"]
[Round "1.8"]
[White "Poschadel, Andreas Gregor"]
[Black "Varma, Christopher"]
[Result "0-1"]
[WhiteElo "1451"]
[BlackElo "1807"]
[PlyCount "60"]
[EventDate "2017.??.??"]

1. e4 e6 2. d4 d5 3. exd5 exd5 4. c4 Nf6 5. Nc3 Bb4 6. h3 O-O 7. c5 Re8+ 8. Be2
Ne4 9. Qc2 Bf5 10. Qb3 Nc6 11. Be3 a5 12. a4 Ng3 13. Rh2 Ne4 14. g4 Bg6 15.
O-O-O Bxc3 16. bxc3 b6 17. Bb5 Re6 18. cxb6 cxb6 19. f3 Nf6 20. Bd2 Qc7 21. Rg2
Nxd4 22. Qb2 Nxb5 23. Qxb5 Rc6 24. Kb2 Rc5 25. Qb3 b5 26. axb5 Rb8 27. Qa3
Rcxb5+ 28. Ka2 Qc4+ 29. Ka1 Rb1+ 30. Rxb1 Rxb1# 0-1

[Event "HEM B-Turnier2017"]
[Site "Marburg"]
[Date "2017.??.??"]
[Round "1.9"]
[White "Weber, Andreas"]
[Black "Klein, Simon"]
[Result "1-0"]
[WhiteElo "1793"]
[BlackElo "1371"]
[PlyCount "41"]
[EventDate "2017.??.??"]

1. e4 Nf6 2. Nc3 e5 3. g3 Nc6 4. Bg2 a6 5. Nf3 Bc5 6. O-O d6 7. h3 O-O 8. d3 h6
9. Be3 Nd4 10. Bxd4 exd4 11. Ne2 Re8 12. Nexd4 b5 13. Qd2 Bb7 14. Nf5 Bb6 15.
Rae1 Qd7 16. Qf4 Rad8 17. Nxh6+ gxh6 18. Qxf6 Re6 19. Qf4 c5 20. h4 Rde8 21.
Bh3 1-0

[Event "HEM B-Turnier2017"]
[Site "Marburg"]
[Date "2017.??.??"]
[Round "1.10"]
[White "Tornay, Haizea"]
[Black "Armbrust, Matthias"]
[Result "0-1"]
[WhiteElo "1284"]
[BlackElo "1791"]
[PlyCount "90"]
[EventDate "2017.??.??"]

1. e4 c5 2. Nc3 Nc6 3. f4 e6 4. Nf3 Nge7 5. d3 d6 6. g3 g6 7. Bg2 Bg7 8. O-O
O-O 9. Be3 Nd4 10. Bxd4 cxd4 11. Ne2 Qb6 12. b3 d5 13. e5 Nf5 14. Qd2 Bd7 15.
Kh1 Rfc8 16. Rfc1 Bf8 17. c3 dxc3 18. Rxc3 Bb4 19. Rxc8+ Rxc8 20. Qb2 Ne3 21.
Rc1 Rxc1+ 22. Nxc1 Nd1 23. Qc2 Nf2+ 24. Kg1 Nxd3+ 25. Kh1 Nf2+ 26. Kg1 Ba3 27.
Ne2 Ng4+ 28. Kh1 Qf2 29. Ned4 Qe3 30. h3 Nf2+ 31. Kh2 Ne4 32. Qc7 Bc6 33. Nxc6
bxc6 34. Qxc6 Qf2 35. Qa6 Qxg3+ 36. Kg1 Bc5+ 37. Kh1 Nf2+ 38. Kg1 Nxh3+ 39. Kh1
Nxf4 40. Qf1 h5 41. a4 h4 42. Ng1 Bxg1 43. Qxg1 h3 44. Bf1 Qxb3 45. Qh2 Qxa4
0-1

[Event "HEM B-Turnier2017"]
[Site "Marburg"]
[Date "2017.??.??"]
[Round "1.11"]
[White "Blaschke, Henri Johannes"]
[Black "Tornay, Aritz"]
[Result "1-0"]
[WhiteElo "1777"]
[BlackElo "1206"]
[PlyCount "113"]
[EventDate "2017.??.??"]

1. d4 Nf6 2. Nf3 g6 3. c4 Bg7 4. Nc3 d6 5. Bf4 O-O 6. e3 Re8 7. Be2 Nbd7 8. O-O
b6 9. h3 Bb7 10. Qc2 e5 11. Bh2 c5 12. d5 a6 13. Nd2 b5 14. cxb5 Bxd5 15. bxa6
Nb8 16. Bb5 Bc6 17. Nc4 Bxb5 18. Nxb5 Rxa6 19. Rfd1 d5 20. Nxe5 Qb6 21. Nc3 d4
22. Nc4 Qe6 23. Ne2 dxe3 24. Nxe3 Ra8 25. Nf4 Qc6 26. a3 Bh6 27. Nfd5 Nxd5 28.
Nxd5 Bg7 29. Nc7 Rc8 30. Nxa8 Qxa8 31. Rac1 Qb7 32. b3 Qa7 33. Qe4 Qxa3 34. Be5
Qxb3 35. Bxg7 Kxg7 36. Qe5+ Kg8 37. Rb1 Qc2 38. Rdc1 Nc6 39. Qxc5 Qxc5 40. Rxc5
Kg7 41. Rbc1 Re8 42. Rxc6 Re7 43. Rc7 Re6 44. Ra7 Re5 45. Rcc7 Rf5 46. f3 Kf8
47. Kf2 Kg7 48. h4 h5 49. Re7 Kf8 50. Ke3 Rf6 51. Ke4 Kg8 52. Re8+ Kh7 53. Raa8
Rb6 54. Ke5 f6+ 55. Kf4 Kg7 56. Ra7+ Kh6 57. Rh8# 1-0

[Event "HEM B-Turnier2017"]
[Site "Marburg"]
[Date "2017.??.??"]
[Round "1.12"]
[White "Raghavan, Badrinarayanan"]
[Black "Weber, Guenter"]
[Result "0-1"]
[WhiteElo "1320"]
[BlackElo "1777"]
[PlyCount "138"]
[EventDate "2017.??.??"]

1. d4 d5 2. Nf3 Nf6 3. Bf4 e6 4. e3 c5 5. c3 Nc6 6. Nbd2 Be7 7. Ne5 O-O 8. Bd3
Nd7 9. Ndf3 f5 10. h4 Ndxe5 11. Nxe5 Qe8 12. g4 cxd4 13. exd4 Nxe5 14. Bxe5 Bf6
15. Bd6 Be7 16. Be5 Qd8 17. g5 Bd6 18. f4 Bxe5 19. dxe5 Bd7 20. Qb3 Bc6 21. Rh2
a6 22. O-O-O Qa5 23. Rf1 Rfc8 24. Kb1 Qc5 25. g6 h6 26. Qc2 Bb5 27. Rd1 Qc6 28.
Bxf5 exf5 29. Qxf5 Rf8 30. Qg4 Qd7 31. e6 Qd6 32. Rf2 Rae8 33. f5 Rxe6 34. fxe6
Rxf2 35. Qd4 Rf5 36. Re1 Be8 37. Qg4 Qf4 38. Qe2 Bxg6 39. Ka1 Bh5 40. e7 Kh7
41. e8=Q Bxe8 42. Qxe8 Qxh4 43. Qe6 Qf6 44. Qe2 Rf2 45. Qd3+ Qf5 46. Qd1 Qc2
47. Qxc2+ Rxc2 48. Rd1 Rf2 49. b3 Rf5 50. Kb2 Kg6 51. Re1 Kf7 52. a4 h5 53. Kc2
h4 54. Kd3 h3 55. Ke3 h2 56. Rh1 Rh5 57. Kf4 Ke6 58. b4 Kd6 59. Kg3 a5 60. Kg2
Rh4 61. Kg3 g5 62. Rxh2 Rxh2 63. Kxh2 Ke5 64. Kg3 Ke4 65. Kg4 Kd3 66. Kxg5 Kxc3
67. bxa5 d4 68. Kf5 d3 69. Ke5 d2 0-1

[Event "HEM B-Turnier2017"]
[Site "Marburg"]
[Date "2017.??.??"]
[Round "1.13"]
[White "Mauersberger, Uwe"]
[Black "Hahnenstein, Leon"]
[Result "1-0"]
[WhiteElo "1762"]
[BlackElo "1189"]
[PlyCount "67"]
[EventDate "2017.??.??"]

1. e4 e5 2. Nf3 Nc6 3. Bb5 a6 4. Ba4 Bc5 5. c3 Nf6 6. Nxe5 Nxe5 7. d4 Qe7 8.
O-O Ng6 9. dxc5 Qxc5 10. Be3 Qe7 11. Re1 O-O 12. Nd2 d6 13. f3 Bd7 14. Bc2 Rfe8
15. Nf1 Nh5 16. Qd2 Rad8 17. Bg5 f6 18. Be3 Kh8 19. g4 Nhf4 20. Bxf4 Ne5 21.
Bxe5 dxe5 22. Qf2 Rg8 23. Ne3 c6 24. Rad1 Be6 25. Nf5 Bxf5 26. exf5 Qf7 27. Bb3
Qc7 28. Bxg8 Rxg8 29. Rd2 Qf7 30. b3 Re8 31. Red1 h6 32. Rd8 Rxd8 33. Rxd8+ Kh7
34. Qc5 1-0

[Event "HEM B-Turnier2017"]
[Site "Marburg"]
[Date "2017.??.??"]
[Round "1.14"]
[White "Schoenau, Tom"]
[Black "Schneider, Udo"]
[Result "0-1"]
[WhiteElo "867"]
[BlackElo "1749"]
[PlyCount "30"]
[EventDate "2017.??.??"]

1. e4 c5 2. Nf3 d6 3. Bc4 Nf6 4. d3 Nc6 5. c3 Bg4 6. Bg5 e6 7. Nbd2 Be7 8. Qb3
Qc7 9. O-O a6 10. a4 O-O 11. Rfe1 Na5 12. Qa2 Nxc4 13. Qxc4 h6 14. Bh4 e5 15.
h3 Be6 0-1

[Event "HEM B-Turnier 2017"]
[Site "Marburg"]
[Date "2017.??.??"]
[Round "2.1"]
[White "Weber, Guenter"]
[Black "Hettler, Wolfgang"]
[Result "1/2-1/2"]
[WhiteElo "1777"]
[BlackElo "2060"]
[PlyCount "55"]
[EventDate "2017.??.??"]

1. d4 Nf6 2. Nf3 g6 3. Bf4 Bg7 4. Nbd2 d5 5. h3 Nbd7 6. c3 c5 7. e3 Qb6 8. Qb3
O-O 9. Be2 c4 10. Qc2 Qc6 11. O-O Re8 12. Ne5 Nxe5 13. Bxe5 Bf5 14. Qd1 Rad8
15. g4 Bc8 16. Bf3 e6 17. Qc2 Nd7 18. Bxg7 Kxg7 19. e4 Rh8 20. Bg2 Nb6 21. e5
Rdf8 22. f4 h5 23. Nf3 Bd7 24. Rae1 hxg4 25. hxg4 Nc8 26. Kf2 f5 27. g5 Qa6 28.
Ra1 1/2-1/2

[Event "HEM B-Turnier 2017"]
[Site "Marburg"]
[Date "2017.??.??"]
[Round "2.2"]
[White "Weber, Simon"]
[Black "Blaschke, Henri Johannes"]
[Result "0-1"]
[WhiteElo "1853"]
[BlackElo "1777"]
[PlyCount "74"]
[EventDate "2017.??.??"]

1. c4 e6 2. g3 Nf6 3. Bg2 d5 4. Nf3 Be7 5. b3 O-O 6. O-O Nbd7 7. Bb2 c6 8. d4
b6 9. Nbd2 Bb7 10. Rc1 Rc8 11. e3 c5 12. Ne1 Ba6 13. Nd3 Re8 14. Re1 Rc7 15.
Nf4 cxd4 16. exd4 Nf8 17. cxd5 Nxd5 18. Bxd5 Rxc1 19. Qxc1 exd5 20. Qc6 Qb8 21.
Qa4 Bb7 22. Ba3 Ne6 23. Bxe7 Rxe7 24. Nxe6 Bc8 25. Nf3 Bxe6 26. Ne5 Rc7 27. f4
h6 28. g4 f6 29. Ng6 Bf7 30. f5 Rc2 31. Ne5 fxe5 32. Rxe5 Qc7 33. Re8+ Kh7 34.
Re5 Rc1+ 35. Kf2 Qc2+ 36. Re2 Qd1 37. Kf3 Qf1+ 0-1

[Event "HEM B-Turnier 2017"]
[Site "Marburg"]
[Date "2017.??.??"]
[Round "2.3"]
[White "John, Volkmar"]
[Black "Mauersberger, Uwe"]
[Result "1-0"]
[WhiteElo "1818"]
[BlackElo "1762"]
[PlyCount "39"]
[EventDate "2017.??.??"]

1. e4 c5 2. Nf3 d6 3. d4 cxd4 4. Nxd4 Nf6 5. Nc3 a6 6. Be3 e5 7. Nb3 Be7 8. f3
Be6 9. Qd2 Nbd7 10. O-O-O O-O 11. a4 Nc5 12. Kb1 Nxb3 13. cxb3 Qa5 14. Nd5 Bd8
15. Nxf6+ gxf6 16. Qxa5 Bxa5 17. Rxd6 Rfd8 18. Rxd8+ Rxd8 19. Be2 Bd2 20. Rd1
1-0

[Event "HEM B-Turnier 2017"]
[Site "Marburg"]
[Date "2017.??.??"]
[Round "2.4"]
[White "Varma, Christopher"]
[Black "Pleyer, Christian"]
[Result "0-1"]
[WhiteElo "1807"]
[BlackElo "1733"]
[PlyCount "72"]
[EventDate "2017.??.??"]

1. e4 Nf6 2. e5 Nd5 3. d4 d6 4. c4 Nb6 5. exd6 cxd6 6. Nc3 Nc6 7. d5 Ne5 8. f4
Ng6 9. Nf3 Bg4 10. Be2 e5 11. fxe5 Bxf3 12. Bxf3 Nxe5 13. b3 g6 14. O-O Bg7 15.
Bb2 O-O 16. Qd2 a6 17. Rae1 Nbd7 18. Kh1 Qc7 19. Bd1 Rab8 20. a4 Nc5 21. Bc2
Qb6 22. Ba3 Rbd8 23. Rb1 f5 24. Ne2 Ne4 25. Bxe4 fxe4 26. a5 Rxf1+ 27. Rxf1
Qxb3 28. Qg5 Rd7 29. c5 Qxd5 30. cxd6 h6 31. Qe7 Qb5 32. Qe8+ Kh7 33. Ng3 h5
34. Re1 Ng4 35. Bc1 Rxd6 36. Nxe4 Qxe8 0-1

[Event "HEM B-Turnier 2017"]
[Site "Marburg"]
[Date "2017.??.??"]
[Round "2.5"]
[White "Schneider, Udo"]
[Black "Weber, Andreas"]
[Result "1/2-1/2"]
[WhiteElo "1749"]
[BlackElo "1793"]
[PlyCount "39"]
[EventDate "2017.??.??"]

1. d4 Nf6 2. c4 e6 3. Nf3 Bb4+ 4. Bd2 a5 5. a3 Bxd2+ 6. Qxd2 O-O 7. Nc3 d6 8.
e3 b6 9. Be2 Bb7 10. O-O Qe7 11. Qc2 Nbd7 12. e4 e5 13. d5 Rfe8 14. b4 Nf8 15.
Nh4 g6 16. b5 N6d7 17. g3 Nc5 18. Bg4 h5 19. Bh3 Nh7 20. Na4 1/2-1/2

[Event "HEM B-Turnier 2017"]
[Site "Marburg"]
[Date "2017.??.??"]
[Round "2.7"]
[White "Schneider, Kevin"]
[Black "Wagner, Thomas"]
[Result "1/2-1/2"]
[WhiteElo "1653"]
[BlackElo "1891"]
[PlyCount "53"]
[EventDate "2017.??.??"]

1. e4 c5 2. Nf3 d6 3. Bc4 Nf6 4. d3 e6 5. Bb3 Be7 6. c3 O-O 7. O-O Nc6 8. Re1
Bd7 9. Nbd2 b5 10. Nf1 Na5 11. Bc2 Qc7 12. Bg5 Bc6 13. b4 Nb7 14. Rc1 Rfd8 15.
Qe2 Rac8 16. a3 Ne8 17. Bf4 g6 18. d4 cxd4 19. cxd4 Qb6 20. Bb3 d5 21. e5 Ng7
22. g4 a5 23. Ra1 axb4 24. axb4 Rd7 25. Bd2 Rdc7 26. Ra2 Nd8 27. Rea1 1/2-1/2

[Event "HEM B-Turnier 2017"]
[Site "Marburg"]
[Date "2017.??.??"]
[Round "2.8"]
[White "Ullmann, Ralf"]
[Black "Zalewski, Ulrich"]
[Result "1/2-1/2"]
[WhiteElo "1906"]
[BlackElo "1815"]
[PlyCount "30"]
[EventDate "2017.??.??"]

1. e4 e5 2. Nf3 Nf6 3. Nxe5 d6 4. Nc4 Nxe4 5. Nc3 Nxc3 6. bxc3 Be7 7. d4 Nc6 8.
Bd3 d5 9. Ne3 Be6 10. Qh5 g6 11. Qe2 Qd7 12. O-O O-O 13. a4 Rfe8 14. f4 f5 15.
Re1 Bf6 1/2-1/2

[Event "HEM B-Turnier 2017"]
[Site "Marburg"]
[Date "2017.??.??"]
[Round "2.9"]
[White "Bastian, Ben"]
[Black "Meyer, Marcel"]
[Result "1/2-1/2"]
[WhiteElo "1674"]
[BlackElo "1679"]
[PlyCount "33"]
[EventDate "2017.??.??"]

1. d4 Nf6 2. Bg5 e6 3. c4 Be7 4. Nc3 d5 5. e3 O-O 6. Nf3 c6 7. Bd3 Nbd7 8. O-O
Re8 9. Rc1 Nf8 10. Qc2 dxc4 11. Bxc4 Nd5 12. Bxe7 Qxe7 13. Ne4 Ng6 14. Nc5 b6
15. Nd3 Bb7 16. Nde5 Nxe5 17. Nxe5 1/2-1/2

[Event "HEM B-Turnier 2017"]
[Site "Marburg"]
[Date "2017.??.??"]
[Round "2.10"]
[White "Pade, Joachim"]
[Black "Hafensteiner, Tim"]
[Result "0-1"]
[WhiteElo "1628"]
[BlackElo "1822"]
[PlyCount "112"]
[EventDate "2017.??.??"]

1. e4 e5 2. Nf3 Nc6 3. Bb5 f5 4. d3 fxe4 5. dxe4 Nf6 6. Nc3 Bb4 7. Bg5 d6 8.
Bc4 Bg4 9. O-O Nd4 10. Qd3 Bxf3 11. gxf3 h6 12. Bh4 g5 13. Bg3 Nh5 14. Ne2 Nf4
15. Bxf4 Nxe2+ 16. Qxe2 gxf4 17. Kh1 Qe7 18. Rg1 O-O-O 19. Rg2 Bc5 20. c3 h5
21. b4 Bb6 22. a4 c6 23. a5 Bc7 24. b5 cxb5 25. Bd5 a6 26. c4 b4 27. Qb2 Rd7
28. Qxb4 Bb8 29. Rag1 Ba7 30. Qd2 Bc5 31. Rg6 Kb8 32. Be6 Rc7 33. Rg8+ Rxg8 34.
Rxg8+ Ka7 35. Bd5 Qh7 36. Qe1 Rg7 37. Rxg7 Qxg7 38. Qg1 Qxg1+ 39. Kxg1 Bb4 40.
Kg2 Bxa5 41. h4 Bd8 42. Kh3 Kb6 43. Bf7 Kc5 44. Bxh5 Bxh4 45. Kxh4 Kxc4 46.
Bf7+ Kd3 47. Kg5 Ke2 48. Kf6 Kxf2 49. Ke7 Kxf3 50. Bd5 b5 51. Kxd6 Ke3 52. Kxe5
f3 53. Kf6 f2 54. e5 f1=Q+ 55. Ke7 Kd4 56. Kd6 Qf4 0-1

[Event "HEM B-Turnier 2017"]
[Site "Marburg"]
[Date "2017.??.??"]
[Round "2.11"]
[White "Alonzo, Desi"]
[Black "Tornay, Haizea"]
[Result "1/2-1/2"]
[WhiteElo "1704"]
[BlackElo "1284"]
[PlyCount "64"]
[EventDate "2017.??.??"]

1. Nf3 Nf6 2. g3 g6 3. Bg2 Bg7 4. O-O O-O 5. d3 d6 6. c4 e5 7. h3 Nc6 8. Nc3
Be6 9. a3 a5 10. Rb1 Qd7 11. Ng5 Rfb8 12. Nxe6 Qxe6 13. Nb5 Qd7 14. Kh2 d5 15.
cxd5 Ne7 16. Nc3 Nexd5 17. Qb3 a4 18. Qc2 b5 19. Bg5 Nxc3 20. bxc3 Ra6 21. f4
Nd5 22. Bxd5 Qxd5 23. e4 Qc5 24. fxe5 Qxe5 25. Bd2 Qc5 26. Qa2 Qe7 27. Rbe1 Qe6
28. Qc2 Qb3 29. Qc1 Bf8 30. Bg5 Bxa3 31. Qf4 Qe6 32. Qh4 Re8 1/2-1/2

[Event "HEM B-Turnier 2017"]
[Site "Marburg"]
[Date "2017.??.??"]
[Round "2.12"]
[White "Martens, Nick"]
[Black "Raghavan, Badrinarayanan"]
[Result "1-0"]
[WhiteElo "1690"]
[BlackElo "1320"]
[PlyCount "129"]
[EventDate "2017.??.??"]

1. f4 d5 2. Nf3 Nc6 3. e3 Nf6 4. b3 Bg4 5. h3 Bf5 6. Bb5 Qd6 7. Ba3 Qd7 8. Ne5
Qc8 9. Nxc6 Bd7 10. Nd4 c6 11. Be2 g6 12. d3 Bg7 13. c3 a6 14. Nf3 Qc7 15. Ne5
Be6 16. Bb2 Nd7 17. Nxd7 Qxd7 18. Nd2 c5 19. Nf3 h5 20. Qc2 Rc8 21. Rd1 d4 22.
exd4 cxd4 23. c4 Rd8 24. Bc1 Qc7 25. O-O Bf5 26. Rde1 Bh6 27. Nh4 Bd7 28. Rf2
Qc8 29. Ref1 Bxh3 30. gxh3 Qxh3 31. Ng2 Qf5 32. Bf3 Qd7 33. Qe2 Qc7 34. Qe4 b5
35. Qc6+ Rd7 36. Qxa6 O-O 37. Qxb5 Rd6 38. Qb7 Qd8 39. c5 Rd7 40. Qb5 Rc7 41.
c6 Qd6 42. b4 Ra7 43. a3 Rb8 44. Qc4 h4 45. b5 h3 46. Nh4 Bxf4 47. b6 Rxb6 48.
Qd5 Qc7 49. Nxg6 Bg3 50. Re2 e6 51. Qxd4 Rba6 52. Ne5 Ra4 53. Nc4 h2+ 54. Kh1
Kf8 55. Qf6 Rxc4 56. dxc4 e5 57. Bd5 Ke8 58. Bg5 Qe7 59. Qxe7+ Rxe7 60. Bxe7
Kxe7 61. Rxf7+ Kd6 62. Rd7+ Kc5 63. c7 Kd4 64. c8=Q Kd3 65. Bf3+ 1-0

[Event "HEM B-Turnier 2017"]
[Site "Marburg"]
[Date "2017.??.??"]
[Round "2.13"]
[White "Tornay, Aritz"]
[Black "Huebner, Kai"]
[Result "0-1"]
[WhiteElo "1206"]
[BlackElo "1658"]
[PlyCount "88"]
[EventDate "2017.??.??"]

1. c4 d6 2. Nc3 Nf6 3. g3 Nbd7 4. Bg2 c6 5. e3 e5 6. Nge2 Be7 7. O-O Qc7 8. d4
g5 9. e4 h6 10. dxe5 Nxe5 11. h3 Nxc4 12. b3 Ne5 13. f4 Ng6 14. fxg5 hxg5 15.
Bxg5 Bxh3 16. Bxf6 Bxf6 17. Rxf6 O-O-O 18. Qf1 Bxg2 19. Kxg2 Rh7 20. Qf5+ Kb8
21. Nf4 Nxf4+ 22. gxf4 Rg8+ 23. Kf3 Rhg7 24. Qh3 Rg3+ 25. Qxg3 Rxg3+ 26. Kxg3
Qb6 27. Re1 Qd4 28. Rxf7 Qxc3+ 29. Kg4 Qxe1 30. f5 Qxe4+ 31. Kg5 d5 32. f6 Qe5+
33. Kh6 d4 34. Rf8+ Kc7 35. f7 Qf6+ 36. Kh7 d3 37. Kg8 Qg6+ 38. Kh8 Qh6+ 39.
Kg8 d2 40. Re8 Qg6+ 41. Kh8 Qxf7 42. Rg8 d1=Q 43. Rg7 Qd8+ 44. Kh7 Qh4# 0-1

[Event "HEM B-Turnier 2017"]
[Site "Marburg"]
[Date "2017.??.??"]
[Round "2.14"]
[White "Hahnenstein, Leon"]
[Black "Robinson, Jack"]
[Result "1-0"]
[WhiteElo "1189"]
[BlackElo "1638"]
[PlyCount "51"]
[EventDate "2017.??.??"]

1. e4 c5 2. Bc4 Nc6 3. Nf3 e6 4. d3 a6 5. Be3 Qc7 6. c3 Nf6 7. Nbd2 Be7 8. O-O
O-O 9. Re1 h6 10. d4 Ng4 11. h3 Nxe3 12. Rxe3 b5 13. Bb3 d6 14. Qe2 c4 15. Bc2
Bb7 16. d5 Ne5 17. dxe6 fxe6 18. Re1 Rae8 19. b3 d5 20. exd5 Nxf3+ 21. Rxf3
Bxd5 22. Rxf8+ Rxf8 23. bxc4 bxc4 24. Be4 Bc5 25. Rf1 Qe5 26. Bh7+ 1-0

[Event "HEM B-Turnier 2017"]
[Site "Marburg"]
[Date "2017.??.??"]
[Round "2.16"]
[White "Klein, Simon"]
[Black "Schoenau, Tom"]
[Result "1-0"]
[WhiteElo "1371"]
[BlackElo "867"]
[PlyCount "66"]
[EventDate "2017.??.??"]

1. e4 c5 2. d4 cxd4 3. Nf3 d6 4. Bc4 Nf6 5. O-O Nxe4 6. Qxd4 Nf6 7. Re1 g6 8.
Bg5 Nbd7 9. Bxf6 Nxf6 10. Qxf6 Rg8 11. Qxf7+ Kd7 12. Bb5+ Kc7 13. Qxg8 Kb8 14.
Ng5 Qa5 15. Nc3 Bh6 16. Bd7 Kc7 17. Bxc8 Rxc8 18. Rxe7+ Kb8 19. Re8 Qc7 20. Ne6
Qd7 21. Rxc8+ Qxc8 22. Qxc8+ Kxc8 23. Nb5 Kd7 24. Re1 a6 25. Nbc7 Bd2 26. Re2
Ba5 27. Nd5 Kc6 28. Nf6 h6 29. Nd4+ Kc5 30. c3 Bd8 31. Re6 g5 32. Ne4+ Kd5 33.
Rxd6+ Kxe4 1-0

[Event "HEM B-Turnier 2017"]
[Site "Marburg"]
[Date "2017.??.??"]
[Round "3.1"]
[White "Blaschke, Henri Johannes"]
[Black "John, Volkmar"]
[Result "1/2-1/2"]
[WhiteElo "1777"]
[BlackElo "1818"]
[PlyCount "64"]
[EventDate "2017.??.??"]

1. d4 d5 2. Nf3 e6 3. g3 Nf6 4. c4 Be7 5. Qc2 O-O 6. Bg2 b6 7. O-O Bb7 8. Nc3
dxc4 9. e4 Nbd7 10. Rd1 Bb4 11. e5 Nd5 12. Ng5 g6 13. h4 Rb8 14. Nxd5 Bxd5 15.
Bxd5 exd5 16. e6 f6 17. Nf7 Rxf7 18. exf7+ Kxf7 19. h5 Qe7 20. Bf4 Nf8 21. a3
Bd6 22. Re1 Qd7 23. Bxd6 Qxd6 24. hxg6+ hxg6 25. Qd2 Ne6 26. Kg2 Rh8 27. Rh1
Qf8 28. Rxh8 Qxh8 29. Rh1 Qg7 30. Qe3 f5 31. Re1 Qf6 32. Qd2 c6 1/2-1/2

[Event "HEM B-Turnier 2017"]
[Site "Marburg"]
[Date "2017.??.??"]
[Round "3.2"]
[White "Pleyer, Christian"]
[Black "Armbrust, Matthias"]
[Result "1/2-1/2"]
[WhiteElo "1733"]
[BlackElo "1791"]
[PlyCount "42"]
[EventDate "2017.??.??"]

1. d4 g6 2. e4 Bg7 3. Be3 d6 4. f4 c5 5. c3 Nf6 6. Bd3 cxd4 7. cxd4 Qb6 8. Nf3
Qxb2 9. Nbd2 Qc3 10. Ke2 O-O 11. h3 Qa5 12. g4 Nc6 13. Nc4 Qd8 14. Qe1 d5 15.
exd5 Nxd5 16. Nce5 Ncb4 17. Be4 Nxe3 18. Qxb4 Nd5 19. Qd2 Bh6 20. g5 Bg7 21.
Nd3 e6 1/2-1/2

[Event "HEM B-Turnier 2017"]
[Site "Marburg"]
[Date "2017.??.??"]
[Round "3.3"]
[White "Hettler, Wolfgang"]
[Black "Schneider, Udo"]
[Result "1/2-1/2"]
[WhiteElo "2060"]
[BlackElo "1749"]
[PlyCount "28"]
[EventDate "2017.??.??"]

1. d4 Nf6 2. c4 e5 3. dxe5 Ng4 4. Nf3 Nc6 5. e4 Bc5 6. Be3 Nxe3 7. fxe3 Bxe3 8.
Nc3 Bf4 9. Nd5 Bxe5 10. Nxe5 Nxe5 11. Bd3 c6 12. Ne3 Qg5 13. Qd2 d6 14. O-O-O
Be6 1/2-1/2